Mort subite - Les chansons de Beyoncé - Statistiques

Statistiques générales
  • Ce quiz a été pris 671 fois
  • Le résultat moyen est 11 sur 16
Answers on the Grid
Answers color-coded by a green-red scale on the quiz's grid according to % correct below.
Single Ladies (Put a Ring on It)
Marry Me
Crazy in Love
Beautiful Liar
SUPERNOVA
If I Were a Boy
Dolly Parton
Run the World (Girls)
Lost God
Free in Love
Naughty Girl
Drunk in Love
BREAK MY SOUL
I Hate Love
Love on Top
Dangerously in Love
I'm Just a Girl
ALIEN SUPERSTAR
Dilemma
Irreplaceable
II MOST WANTED
POKER FACE
CUFF IT
Rock Album
Halo
Good Girl
32 Grammys Winner
TEXAS HOLD'EM
 
Statistiques - réponses
Réponse % Correct
Single Ladies (Put a Ring on It)
95%
Crazy in Love
93%
Run the World (Girls)
84%
If I Were a Boy
82%
Halo
77%
Beautiful Liar
76%
BREAK MY SOUL
74%
TEXAS HOLD'EM
74%
Drunk in Love
73%
Naughty Girl
66%
Love on Top
65%
CUFF IT
63%
Dangerously in Love
60%
Irreplaceable
59%
ALIEN SUPERSTAR
57%
II MOST WANTED
46%
Aucun quiz correspondant
Distribution des résultats
% des personnes avec chaque résultat
Percentile par nombre de réponses
Votre historique - résultats
Vous n’avez pas pris ce quiz